[Event "SVK-chT2D 1213"]
[Site "Slovakia"]
[Date "2012.12.01"]
[Round "3.4"]
[White "Konecny, Peter"]
[Black "Rajnak, Daniel"]
[Result "0-1"]
[WhiteElo "1611"]
[BlackElo "2170"]
[PlyCount "62"]
[EventDate "2012.10.13"]
[EventType "team-tourn"]
[EventRounds "11"]
[EventCountry "SVK"]
[SourceTitle "EXT 2015"]
[Source "ChessBase"]
[SourceDate "2014.11.20"]
[SourceVersion "1"]
[SourceVersionDate "2014.11.20"]
[SourceQuality "1"]
[WhiteTeam "Gelnica Slovan"]
[BlackTeam "Humenne"]
[WhiteTeamCountry "SVK"]
[BlackTeamCountry "SVK"]

1. Nf3 d5 2. b3 Nf6 3. Bb2 e6 4. e3 Be7 5. Be2 0-0 6. 0-0 c5 7. d3 b6 8. Nbd2 Bb7 9. h3 Nbd7 10. Nh2 e5 11. Re1 Qc7 12. c4 Rad8 13. Qc2 h6 14. a3 a5 15. d4 Rc8 16. dxe5 Nxe5 17. Qf5 Bd6 18. Nhf3 Rce8 19. Nxe5 Bxe5 20. Bxe5 Rxe5 21. Qf4 Qe7 22. Bf3 Re8 23. Red1 Qe6 24. Rac1 Bc6 25. Be2 d4 26. Nf1 Rg5 27. Ng3 dxe3 28. Bf3 exf2+ 29. Kxf2 Bxf3 30. Qxf3 Qe5 31. Rc3 Rxg3 0-1